1988 hits: fill in the lyrics - Statistics

General Stats
  • This quiz has been taken 106 times
  • The average score is 10 of 15
Answer Stats
Artist Lyrics Answer % Correct
Bobby McFerrin Don't worry. Be _____. happy
91%
Rick Astley Never gonna give you up, never gonna ___ ___ ____, never gonna run around and desert you. let you down
90%
UB40 Red, red ____. Stay close to me. Don't let me be alone. It's tearin' apart. My blue, blue heart. wine
80%
Tracy Chapman You got a ____ ___. I want a ticket to anywhere. Maybe we make a deal. Maybe together we can get somewhere. Any place is better. fast car
79%
Michael Jackson I'm starting with the ___ __ ___ ______. I'm asking him to change his ways, and no message could've been any clearer if they wanna make the world a better place. Take a look at yourself and then make a change. man in the mirror
78%
Billy Ocean Get outta my dreams. Get into my ___. car
77%
George Michael Yes I gotta have _____. Ooh, I gotta have _____. Because I gotta have _____, _____, _____. faith
76%
Def Leppard Now c'mon, take a bottle, shake it up, break the bubble, break it up. Pour some _____ on me. Ooh, in the name of love. Pour some _____ on me. sugar
76%
The Beach Boys Aruba, Jamaica, ooh, I wanna take you to Bermuda, Bahama, come on pretty mama, Key Largo, Montego. Baby, why don't we go? Ooh, I wanna take you down to _____. Kokomo
74%
Joan Jett and the Blackhearts I hate myself for _____ ___. Can't break free from the things that you do. I wanna walk, but I run back to you. That's why I hate myself for ______ ___. loving you
68%
Pet Shop Boys Maybe I didn't treat you quite as good as I should. Maybe I didn't love you quite as often as I could. Little things I should have said and done, I never took the time. You were always __ __ ____. You were always __ __ ____. on my mind
67%
INXS I need you tonight, 'cause I'm not sleepin.' There's somethin' about you, girl,that makes me _____. sweat
51%
The Escape Club She's so mean but I don't care. I love her eyes and her wild, wild hair. Dance to the beat that we love best, heading for the nineties, living in the ____, ____ ____. wild wild west
48%
U2 Lover, I'm off the streets. Gonna go where the bright lights and the big city meet. With a red guitar, on fire, ______. desire
38%
Debbie Gibson When I was sorry, it was too late to turn around and tell you so. There was no reason, just a ______ ____ of my heart. foolish beat
16%
No matching quizzes found
Score Distribution
Percent of People with Each Score
Percentile by Number Answered
Your Score History
You have not taken this quiz